Biblioteca

Qué decimos cuando hablamos de… el Dios Cristiano : (Registro nro. 63692)

Detalles MARC
000 -LÍDER
Campo fijo de descripción fija 01601nam a22003734i 4500
001 - NÚMERO DE CONTROL
Campo de control 768714001
003 - IDENTIFICADOR DEL NÚMERO DE CONTROL
Campo de control CO-MdFUSB
005 - FECHA Y HORA DE LA ULTIMA TRANSACCIÓN
control field 20200415153319.0
007 - CAMPO FIJO DE DESCRIPCIÓN FIJA--INFORMACIÓN GENERAL
Campo fijo de descripción fija cr cn|||||||||
008 - ELEMENTOS DE LONGITUD FIJA -- INFORMACIÓN GENERAL
Campo fijo de descripción fija -- Información general 130716t2013 sp gs 000 0 spa d
020 ## - NÚMERO INTERNACIONAL NORMALIZADO PARA LIBROS
Número Internacional Normalizado del libro 9788498307818
Información adicional electrónico
040 ## - FUENTE DE CATALOGACIÓN
Agencia de catalogación original CO-MdFUSBC
Idioma de catalogación spa.
Agencia que realiza la transcripción CO-MdFUSB
Agencia que realiza la modificación CO-MdFUSBC
Convenciones de la descripción rda
041 ## - CÓDIGO DE IDIOMA
Código de idioma para texto/pista de sonido o título separado spa
082 04 - NÚMERO DE CLASIFICACIÓN DECIMAL DEWEY
Número de clasificación 211
Número de la edición del Dewey 23
100 1# - ASIENTO PRINCIPAL--NOMBRE PERSONAL
Nombre personal Vitoria Cormenzana, F. Javier.
Término relacionador autor
245 13 - TÍTULO
Título del Material Qué decimos cuando hablamos de… el Dios Cristiano :
Parte restante del título - Subtitulo un dios misericordioso a disposición incondicional de la humanidad
Mención de responsabilidad, etc. / F. Javier Vitoria Cormenzana
Medio físico [recurso electrónico]
264 #1 - PRODUCCIÓN, PUBLICACIÓN, DISTRIBUCIÓN, MANUFACTURA, Y COPYRIGHT
Lugar de producción, publicación, distribución, manufactura España :
Nombre del productor, publicador, distribuidor Universidad de Deusto,
Fecha de producción, publicación, distribución, manufactura, o copyright [2013]
264 #4 - PRODUCCIÓN, PUBLICACIÓN, DISTRIBUCIÓN, MANUFACTURA, Y COPYRIGHT
Fecha de producción, publicación, distribución, manufactura, o copyright © 2013
300 ## - DESCRIPCIÓN FÍSICA
Extensión recurso en línea (páginas)
Dimensiones ;
336 ## - TIPO DE CONTENIDO
Fuente rdacontent
Término de tipo de contenido texto
Código de tipo de contenido txt
337 ## - TIPO DE MEDIO
Fuente rdamedia
Nombre del tipo de medio informático
Código del tipo de medio c
338 ## - TIPO DE SOPORTE
Fuente rdacarrier
Nombre del tipo de soporte remoto
Código Tipo de soporte cr
347 ## - CARACTERÍSTICAS DEL ARCHIVO DIGITAL
Fuente rda
Tipo de archivo fichero de texto
Formato de codificación hmtl
490 1# - MENCIÓN DE SERIE
Mención de serie Cuadernos de Teología Deusto
505 ## - NOTA DE CONTENIDO
Nota de contenido con formato preestablecido Breves notas a modo de introducción. -- Dios acontece a y en Jesús de Nazaret. -- El Dios que acontece en Jesucristo. La misericordia incondicional que Dios es.
516 ## - NOTA DE TIPO DE ARCHIVO O DATOS DE COMPUTADOR
Nota de tipo de archivo o datos de computador Texto electrónico<br/>
538 ## - NOTA DE DETALLES DEL SISTEMA
Nota de detalles del sistema Acceso a Internet; requiere usuario y clave asignada por la biblioteca<br/>
650 #4 - ASIENTO SECUNDARIO DE MATERIA - TERMINO TEMÁTICO
Término temático o nombre geográfico como elemento de entrada Teología.
830 ## - PUNTO DE ACCESO ADICIONAL DE SERIE - TÍTULO UNIFORME
Título uniforme Cuadernos de Teología Deusto
Designación de volumen o secuencia 34
856 40 - LOCALIZACIÓN Y ACCESO ELECTRÓNICOS
Identificador Uniforme del Recurso <a href="http://site.ebrary.com/lib/unisbcsp/Doc?id=10732354">http://site.ebrary.com/lib/unisbcsp/Doc?id=10732354</a>
Numero de Acceso 10732354
Nota dirigida al público <a href="Abrir Versión electrónica del libro Qué decimos cuando hablamos de… el Dios Cristiano ">Abrir Versión electrónica del libro Qué decimos cuando hablamos de… el Dios Cristiano </a>
942 ## - TIPO DE MATERIAL (KOHA)
Tipo de Item KOHA Libros General
945 ## - INFORMACIÓN LOCAL DEL REGISTRO
Catalogador JTF-925
Existencias
Estado de Material Estado de Perdido Forma de Clasificación Estado de Dañado No para Préstamo Colección Biblioteca de Origen Biblioteca Permanente Ubicación en Estantería Fecha de Adquisición Área Total de Préstamos Código de Barras Última vez visto Ejemplar/Existencia Url Tipo de Material Nota Pública
    Dewey Decimal Classification     Colección Libros Electrónicos Biblioteca FUSBC Biblioteca FUSBC Libro electrónico 15/04/2020 BIBLIA   ID10732354 18/04/2016 Ej.1 https://bit.ly/2XKTdzA Libro electrónico LIBRO ELECTRÓNICO - Seguir link de acceso.

Biblioteca FUSBC | Teléfono: (57+4) 349 88 10 Ext. 141| WhatsApp (+57) 3005338115 
E-mail: biblioteca@unisbc.edu.co | Calle 76 87-14 Robledo Palenque, Medellín, Colombia

Con tecnología Koha